Mondo canine / (Record no. 1042)

MARC details
000 -LEADER
fixed length control field 00659pam a2200241 a 4500
005 - DATE AND TIME OF LATEST TRANSACTION
control field 20260322212044.0
008 - FIXED-LENGTH DATA ELEMENTS--GENERAL INFORMATION
fixed length control field data
010 ## - LIBRARY OF CONGRESS CONTROL NUMBER
LC control number 91002607
020 ## - INTERNATIONAL STANDARD BOOK NUMBER
International Standard Book Number 0525933522 :
Terms of availability {dollar}18.95
020 ## - INTERNATIONAL STANDARD BOOK NUMBER
International Standard Book Number 9780525933526 :
Terms of availability {dollar}18.95
040 ## - CATALOGING SOURCE
Original cataloging agency DLC
Transcribing agency DLC
Modifying agency DLC
050 00 - LIBRARY OF CONGRESS CALL NUMBER
Classification number PN6084.D64
Item number M6 1991
082 00 - DEWEY DECIMAL CLASSIFICATION NUMBER
Classification number 636.7/00207
Edition information 20
092 ## - LOCALLY ASSIGNED DEWEY CALL NUMBER (OCLC)
Classification number 636.7 Win 1991
001 - CONTROL NUMBER
control field data
245 00 - TITLE STATEMENT
Title Mondo canine /
Statement of responsibility, etc. edited by Jon Winokur.
260 ## - PUBLICATION, DISTRIBUTION, ETC.
Place of publication, distribution, etc. New York, N.Y., U.S.A. :
Name of publisher, distributor, etc. Dutton,
Date of publication, distribution, etc. c1991.
300 ## - PHYSICAL DESCRIPTION
Extent 265 p. :
Other physical details ill. ;
Dimensions 21 cm.
500 ## - GENERAL NOTE
General note Includes indexes.
650 #0 - SUBJECT ADDED ENTRY--TOPICAL TERM
Topical term or geographic name entry element Dogs
General subdivision Quotations, maxims, etc.
650 #0 - SUBJECT ADDED ENTRY--TOPICAL TERM
Topical term or geographic name entry element Dogs
General subdivision Humor.
700 1# - ADDED ENTRY--PERSONAL NAME
Personal name Winokur, Jon.
Holdings
Withdrawn status Lost status Damaged status Not for loan Home library Current library Shelving location Date acquired Total checkouts Full call number Barcode Date last seen Price effective from Koha item type
        Centerville Centerville General stacks 22/03/2026   636.7/00207 20 BC0011076 22/03/2026 22/03/2026 Books